书目信息 |
| 题名: |
心藏大恶
|
|
| 作者: | 沈浩波 著 | |
| 分册: | ||
| 出版信息: | 大连 大连出版社 2004.04 |
|
| 页数: | 370页 | |
| 开本: | 21cm | |
| 丛书名: | 沈浩波诗歌 | |
| 单 册: | ||
| 中图分类: | I227 | |
| 科图分类: | ||
| 主题词: | 诗歌--作品集--中国--当代 | |
| 电子资源: | ||
| ISBN: | 7-80684-223-3 | |
| 000 | 00680nam0 2200241 450 | |
| 001 | 1058603609 | |
| 005 | 20100714162926.32 | |
| 010 | @a7-80684-223-3@dCNY22.00 | |
| 100 | @a20100515d2004 km y0chiy0120 ea | |
| 101 | 0 | @achi |
| 102 | @aCN@b210000 | |
| 105 | @ay z 000gy | |
| 200 | 1 | @a心藏大恶@Axin cang da e@f沈浩波著@Fshen hao bo zhu |
| 210 | @a大连@c大连出版社@d2004.04 | |
| 215 | @a370页@d21cm | |
| 225 | 2 | @a沈浩波诗歌@hNo.1 |
| 330 | @a本书收录了沈浩波2000-2004年创作的诗歌118首。 | |
| 410 | 0 | @12001 @a沈浩波诗歌 |
| 606 | 0 | @a诗歌@x作品集@y中国@z当代 |
| 690 | @aI227@v4 | |
| 701 | 0 | @a沈浩波@Ashen hao bo@4著 |
| 801 | 0 | @aCN@c20100515 |
| 905 | @dI227@eS390-2@f3 | |
| 心藏大恶/沈浩波著.-大连:大连出版社,2004.04 |
| 370页;21cm.-(沈浩波诗歌.No.1) |
| ISBN 7-80684-223-3:CNY22.00 |
| 本书收录了沈浩波2000-2004年创作的诗歌118首。 |
| ● |
| 相关链接 |
|
|
|
正题名:心藏大恶
索取号:I227/S390-2
 
预约/预借
| 序号 | 登录号 | 条形码 | 馆藏地/架位号 | 状态 | 备注 |
| 1 | 991419 | 209914191 | 社科二线400B/400B社科库 18排1列6层/ [索取号:I227/S390-2] | 在馆 | |
| 2 | 991420 | 209914208 | 自科二线404/108文学库 18排8列2层/ [索取号:I227/S390-2] | 在馆 | |
| 3 | 991421 | 209914217 | 自科二线404/108文学库 18排8列2层/ [索取号:I227/S390-2] | 在馆 |